Municipalities of Baja California - with a map - Statistics

General Stats
  • This quiz has been taken 73 times
  • The average score is 6 of 7
Answers on the Map
Answers color-coded by a green-red scale on the quiz's map according to % correct below.
 
Answer Stats
Answer % Correct
Tijuana
100%
Mexicali
95%
Ensenada
93%
Playas de Rosarito
88%
Tecate
88%
San Felipe
69%
San Quintín
67%
No matching quizzes found
Score Distribution
Percent of People with Each Score
Percentile by Number Answered
Your Score History
You have not taken this quiz